000 00871nam a2200265Ia 4500
003 OSt
005 20221005062101.0
006 a|||||r|||| 00| 0
007 ta
008 221004b |||||||| |||| 00| 0 eng d
020 _a9781138713864 (hbk)
_cUKP 175.00
024 _a68146
037 _b8776, 20/02/2020, Efficient Book Distributors
_cTextual
040 _aCRL
_cCRL
_beng
041 _2eng
_aeng
082 _aO11196:g, Q9
100 _aAdejunmodbi Moradewun Ed.
_9601436
245 0 _aRoutledge handbook of African literature
260 _aLondon
_bRoutledge UK
_c2019
300 _axiv,462p.
_ccm.
650 _aENGLISH LITERATURE
700 _a Coetzee Carli Ed.
_9601437
942 _hO11196:g, Q9
_cTEXL
_2cc
999 _c969174
_d969174